01080nas a2200289 4500001001300000003000900013005001700022007000300039008003400042040005400076041000900130072000800139100002600147100003300173100001600206100001800222100001600240100000600256245013300262246013300395650001800528650002600546650001600572650001500588773013300603856005400736BR2013003914BR-BrBNA20231205122355.0ta230509b bl.|||p| |||| 00| 00por d aBR-BrBNAbporcBiblioteca Nacional de Agricultura a(En) aL011 aPalacios-Espinosa, A.1 aEspinoza-Villavicencio, J.L.1 aLuna, R. de1 aGuillén, A.1 aAvila, N.Y.1 a 1 aExtension model of lactation curves to evaluate the effect of the recombinant bovine somatotropin on milk yield in Holstein cows1 aExtension model of lactation curves to evaluate the effect of the recombinant bovine somatotropin on milk yield in Holstein cows aVACA LEITEIRA aPRODUÇÃO LEITEIRA aINJEÇÃO aRENDIMENTO0 tArquivo Brasileiro de Medicina Veterinária e Zootecnia (Brazil)xISSN 0102-0935g(Feb 2010), v. 62(1) p. 124-129wBR201300391440uhttp://www.scielo.br/pdf/abmvz/v62n1/v62n1a17.pdf